Statistics for WSOP Bracelet Winner All Time 2003-2012 (Part 2)

Click here to take the quiz!

General Stats

  • This quiz has been taken 9 times
  • The average score is 71 of 500

Answer Stats

YearGameAnswer% Correct
2005NLHE Casino EmployeesAnthony Nguyen
100%
2003NLHE MEChris Moneymaker
100%
2008Limit HEDaniel Negreanu
100%
2004Limit HEDaniel Negreanu
100%
2003Limit S.H.O.E.Daniel Negreanu
100%
2012NLHEDung Nguyen
100%
2003Limit 7 StudMen Nguyen
100%
20107 StudMen Nguyen
100%
2003Limit A-5 Triple DrawMen Nguyen
100%
2003Limit 7 Stud H/LMinh Nguyen
100%
2004Pot Limit HEMinh Nguyen
100%
2003NLHEPhil Hellmuth
100%
2003Limit HEPhil Hellmuth
100%
20127 Card RazzPhil Hellmuth
100%
2007NLHEPhil Hellmuth
100%
2006NLHE RebuyPhil Hellmuth
100%
20092-7 Draw LowballPhil Ivey
100%
2010H.O.R.S.E.Phil Ivey
100%
2009Omaha/7 Stud H/L 8Phil Ivey
100%
2005PLOPhil Ivey
100%
2004NLHE ShootoutPhi Nguyen
100%
2003NLHEPhi Nguyen
100%
2008H.O.R.S.E.Scotty Nguyen
100%
2004Pot Limit HEAntonio Esfandiari
80%
2012$1M Big One For One DropAntonio Esfandiari
80%
2006H.O.R.S.E.Chip Reese
80%
2010Mixed HEGavin Smith
80%
2004NLHE MEGreg Raymer
80%
2006NLHE MEJamie Gold
80%
2005NLHE MEJoe Hachem
80%
2009NLHEJordan Smith
80%
2008PLOMarty Smyth
80%
2008NLHE MEPeter Eastgate
80%
2003Limit HECarlos Mortensen
60%
2009NLHECarsten Joh
60%
20067 StudDavid Williams
60%
2005NLHE 6 MaxDoyle Brunson
60%
2003Limit H.O.R.S.E.Doyle Brunson
60%
2012NLHEHenry Lu
60%
2006Limit HEIan Johns
60%
2003PLOJohnny Chan
60%
2003NLHEJohnny Chan
60%
2005Pot Limit HEJohnny Chan
60%
2010$50k PPCMichael Mizrachi
60%
2012$50k PPCMichael Mizrachi
60%
2008NL 2-7 Draw Lowball RebuyMike Matusow
60%
2007PLORobert Mizrachi
60%
2005Omaha H/L 8Todd Brunson
60%
2009NLHETravis Johnson
60%
2008Omaha H/L 8Andrew Brown
40%
20127 StudAndy Bloch
40%
2004Omaha H/L 8Annie Duke
40%
2004NL 2-7 Draw LowballBarry Greenstein
40%
2005PLOBarry Greenstein
40%
2008RazzBarry Greenstein
40%
2006NLHE 6 MaxBill Chen
40%
2006Limit HEBill Chen
40%
2010Limit HE ShootoutBrendan Taylor
40%
2005Pot Limit HEBrian Wilson
40%
2003Limit HE & 7 StudChris Ferguson
40%
2003Limit Omaha H/LChris Ferguson
40%
201110 Game Mix 6 HandedChris Lee
40%
2008NLHE 6 MaxDario Minieri
40%
2009NLHEEric Baldwin
40%
2003Limit RazzHuck Seed
40%
2009PLOJason Mercier
40%
2011PLO 6 MaxJason Mercier
40%
20097 StudJeff Lisandro
40%
2009RazzJeff Lisandro
40%
20097 Stud H/L 8Jeff Lisandro
40%
20077 StudJeffrey Lisandro
40%
2005Ladies NLHEJennifer Tilly
40%
2007NLHE MEJerry Yang
40%
2009NLHE MEJoe Cada
40%
20112-7 Draw LowballJohn Juanda
40%
2003Limit 7 StudJohn Juanda
40%
2003PLO RebuyJohn Juanda
40%
2008PLO RebuyLayne Flack
40%
2003Limit HE ShootoutLayne Flack
40%
2003Limit Omaha H/LLayne Flack
40%
2011NLHE MEPius Heinz
40%
2009PLO H/L 8Roland De Wolfe
40%
2010NL 2-7 Draw LowballYan Chen
40%
20127 Stud H/L 8Adam Friedman
20%
2007Pot Limit HEAllen Cunningham
20%
2005NLHEAllen Cunningham
20%
2006NLHE RebuyAllen Cunningham
20%
2012Seniors NLHEAllyn Jaffrey Shulman
20%
2012PLOAustin Scott
20%
20067 StudBenjamin Lin
20%
2011PLOBen Lamb
20%
2006NLHEBrandon Cantu
20%
2009PLO H/L 8Brandon Cantu
20%
2011Pot Limit HEBrian Rast
20%
2011$50k PPCBrian Rast
20%
2009Limit HE 6 MaxBrock Parker
20%
2009NLHE 6 MaxBrock Parker
20%
2007PLO RebuyBurt Boutin
20%
2010PLO H/L 8Chris Bell
20%
2006Seniors NLHEClare Miller
20%
2006NL 2-7 Draw Lowball RebuyDaniel Alaei
20%
2009Omaha H/L 8Daniel Alaei
20%
2010PLODaniel Alaei
20%
2005Omaha H/L 8David Chiu
20%
2005NL 2-7 Draw LowballDavid Grey
20%
2006NLHE ShootoutDavid Pham
20%
2008NLHEDuncan Bell
20%
2006NLHE 6 MaxDutch Boyd
20%
2010Limit HE 6 MaxDutch Boyd
20%
2010Limit HEEric Buchman
20%
2008Mixed HEErick Lindgren
20%
20072-7 Draw Lowball RebuyErik Seidel
20%
2003PLO RebuyErik Seidel
20%
2005NLHEErik Seidel
20%
2011H.O.R.S.E.Fabrice Soulier
20%
2007H.O.R.S.E.Freddy Deeb
20%
2012NLHE MEGreg Merson
20%
2012NLHE 6 MaxGreg Merson
20%
20047 Stud H/L 8Hasan Habib
20%
2010NLHE Casino EmployeesHoai Pham
20%
2007NLHE 6 MaxHoyt Corkins
20%
2010H.O.R.S.E.Ian Gordon
20%
2011Heads Up NLHEJake Cody
20%
2006Pot Limit HEJason Lester
20%
2011NLHEJason Somerville
20%
2009PLOJ. C. Tran
20%
2008NLHEJ.C. Tran
20%
2006Pot Limit HEJohn Gale
20%
2004Limit HEJohn Hennigan
20%
20127 StudJohn Monnette
20%
20118 Game MixJohn Monnette
20%
2010NLHE MEJonathan Duhamel
20%
2005NLHEJon Heneghan
20%
2006NLHEJustin Scott
20%
20077 Card RazzKatja Thater
20%
2008Heads Up NLHEKenny Tran
20%
2006PLOLee Watkinson
20%
2012Heads Up NLHE/PLOLeif Force
20%
2006NLHEMark Vos
20%
2006Ladies NLHEMary Jones Meyer
20%
2008Limit HE ShootoutMatt Graham
20%
2009PLOMatt Graham
20%
2011Mixed HEMatt Matros
20%
2010Limit HEMatt Matros
20%
2012NLHE 6 MaxMatt Matros
20%
2009Seniors NLHEMichael Davis
20%
2007NLHE RebuyMichael Graves
20%
2012NL 2-7 Draw LowballNick Schulman
20%
2008Limit HE ShootoutPhil Tom
20%
2003Pot Limit HEPrahlad Friedman
20%
2005Limit HEQuinn Do
20%
2006PLORalph Perry
20%
2007H.O.R.S.E.Ralph Schwartz
20%
2003Seniors NLHERon Rose
20%
2006Omaha H/L 8Scott Clements
20%
2007PLOScott Clements
20%
2004H.O.R.S.E.Scott Fishman
20%
2004NLHEScott Fishman
20%
2008NLHEScott Seiver
20%
2004NLHETed Forrest
20%
20047 StudTed Forrest
20%
2004NLHEThomas Keller
20%
2012NLHE 4 HandedTimothy Adams
20%
2004RazzTJ Cloutier
20%
2005NLHETJ Cloutier
20%
201210 Game Mix 6 MaxVanessa Selbst
20%
2008PLOVanessa Selbst
20%
2012H.O.R.S.E.Ylon Schwartz
20%
2010NLHEAadam Daya
0%
2004Limit HEAaron Katz
0%
2011H,O.R.S.E.Aaron Steury
0%
20092-7 Triple Draw LowballAbe Mosseri
0%
2007PLO RebuysAlan Smurfit
0%
2011NLHEAlexander Anter
0%
2007Limit HEAlexander Borteh
0%
2008NLHEAlexandre Gomes
0%
2007Omaha H/L 8Alex Kravchenko
0%
2011NLHEAllen Bari
0%
2011PLOAmir Lehavot
0%
2003NLHEAmir Vahedi
0%
2006NLHEAnders Henriksson
0%
2011NLHEAndré Akkari
0%
2005NLHEAndre Boyer
0%
2011NLHE ShootoutAndrew Badecker
0%
2009NLHE Casino EmployeesAndrew Cohen
0%
2012Pot Limit HEAndy Frankenberger
0%
2011NLHEAndy Frankenberger
0%
2009NLHEÁngel Guillén
0%
2009NLHEAnthony Harb
0%
2005NLHE ShootoutAnthony Reategui
0%
20088 Game MixAnthony Rivera
0%
2011Triple Chance NLHEAntonin Teisseire
0%
2011NLHEArkadiy Tsinis
0%
2012NLHE Re-EntryAshkan Razavi
0%
2011NLHEAthanasios Polychronopoulos
0%
2012NLHE Mixed MaxAubin Cazals
0%
2010Heads Up NLHEAyaz Mahmood
0%
2009Mixed HEBahador Ahmadi
0%
2003Ladies Limit HE & 7 StudBarbara Rugolo
0%
2012Limit HEBenjamin Scholl
0%
2007NLHEBen Ponzio
0%
20117 StudBertrand "Elky" Grospellier
0%
2007NLHE 6 MaxBill Edler
0%
2008NLHEBlair Hinkle
0%
2007NLHEBlair Rodman
0%
2006NLHEBob Chalmers
0%
2012NLHE ShootoutBrandon Schaefer
0%
2012NLHEBrent Hanks
0%
2004Omaha H/L 8Brett Jungblut
0%
2012Heads Up NLHEBrian Hastings
0%
2009NLHEBrian Lemke
0%
2012Limit HE ShootoutBrian Meinders
0%
2004NLHE Casino EmployeesCarl Nessel
0%
2012NLHECarter Phillips
0%
2010NLHE 6 MaxCarter Phillips
0%
2010PLOChance Kornuth
0%
2007NLHEChandrasekhar Billavara
0%
2004PLOChau Giang
0%
2012NLHE Casino EmployeesChiab Saechao
0%
2006NLHE Casino EmployeesChris Gros
0%
20077 StudChris Reslock
0%
2012Mixed HEChris Tryba
0%
20117 Stud H/L 8Chris Viox
0%
2007NLHECiaran O'Leary
0%
20057 StudCliff Josephy
0%
2012NLHEClifford Goldkind
0%
20127 Stud H/L 8Cory Zeidman
0%
2012NLHE ShootoutCraig McCorkell
0%
2004Omaha H/L 8Curtis Bibb
0%
20047 Stud H/L 8Cyndy Violette
0%
2011Limit HEDaniel Idema
0%
2010NLHE 6 MaxDan Kelly
0%
2008Seniors NLHEDan Lacourse
0%
2005Limit HEDan Schmiech
0%
2007Heads Up NLHEDan Schreiber
0%
2007S.H.O.E.Dao Bac
0%
2011Limit HE 6 MaxDarren Woods
0%
2012Limit HEDavid Arsht
0%
2009H.O.R.S.E.David Bach
0%
2010NL 2-7 Draw LowballDavid "Bakes" Baker
0%
2012H.O.R.S.E.David "Bakes" Baker
0%
2008Omaha H/L 8David Benyamine
0%
2008NLHEDavid Daneshgar
0%
2011Triple Chance NLHEDavid Diaz
0%
20097 Stud H/L 8David Halpern
0%
2008Pot Limit HEDavidi Kitai
0%
2003Limit HE Casino EmployeesDavid Lukaszewski
0%
20128 Game MixDavid "ODB" Baker
0%
2008Pot Limit HEDavid Singer
0%
2011PLO H/L 8David Singontiko
0%
2007NLHEDavid Stucke
0%
20107 Stud H/L 8David Warga
0%
2008NLHEDavid Woo
0%
2010NLHEDean Hamrick
0%
20057 Stud H/L 8Denis Ethier
0%
2009Omaha H/L 8Derek Raymond
0%
2012NLHEDominik Nitsche
0%
2007NLHE ShootoutDon Baruch
0%
2003Limit OmahaEduard Scharf
0%
2005Pot Limit HEEdward Moncada
0%
2004Limit HEEli Balas
0%
20077 Stud H/L 8Eli Elezra
0%
2011PLOElie Payan
0%
20087 StudEric Brooks
0%
2005Limit HEEric Froehlich
0%
2006PLO RebuyEric Froehlich
0%
2006Pot Limit HEEric Kesselman
0%
20117 Stud H/L 8Eric Rodawig
0%
2007Seniors NLHEErnest Bennett
0%
20117 StudEugene Katchalov
0%
2004Limit 2-7 Triple Draw LowballFarzad Bonyadi
0%
2005NLHEFarzad Bonyadi
0%
2011NLHEFoster Hays
0%
2011Omaha H/L 8Francesco Barbaro
0%
2007NLHEFrancois Safieddine
0%
2008Mixed HEFrank Gary
0%
2003Limit Omaha H/LFrankie O'Dell
0%
2007Omaha H/LFrankie O'Dell
0%
20107 Stud H/L 8Frank Kassela
0%
20107 Card RazzFrank Kassela
0%
20097 StudFreddie Ellis
0%
2008Omaha/7 Stud H/L 8Freddy Rouhani
0%
2007NLHE Casino EmployeesFrederick Narciso
0%
2007Mixed HEFred Goldberg
0%
2004Seniors NLHEGary Gibbs
0%
2007Limit HEGary Styczynski
0%
2004Pot Limit HEGavin Griffin
0%
2011NLHE 6 MaxGeffrey Klein
0%
2004NLHEGerald Drehobl
0%
2008NLHEGrant Hinkle
0%
2012Ante Only NLHEGreg Hobson
0%
2007Pot Limit HEGreg Hopkins
0%
2009Limit HE ShootoutGreg Mueller
0%
2009Limit HEGreg Mueller
0%
2012NLHEGreg Ostrander
0%
2010Seniors NLHEHarold Angle
0%
2011Limit HEHarrison Wilder
0%
2012Omaha H/L 8Herbert Tapscott
0%
2004Ladies Limit HEHung Doan
0%
2005NLHE 6 MaxIsaac Galazan
0%
2010Pot Limit HEJames Dempsey
0%
2006NLHEJames Gorham
0%
2011Seniors NLHEJames Hess
0%
2007NLHEJames Mackey
0%
2006RazzJames Richburg
0%
2007H.O.R.S.E.James Richburg
0%
2008H.O.R.S.E.James Schaaf
0%
2009H.O.R.S.E.James Van Alstyne
0%
2004NLHEJames Vogl
0%
2012PLOJan-Peter Jachtmann
0%
20057 StudJan Sorensen
0%
2010NLHEJason DeWitt
0%
2007NLHE 6 MaxJason Warner
0%
2008NLHE ShootoutJason Young
0%
2006NLHEJeff Cabanillas
0%
2009NLHE ShootoutJeff Carris
0%
2006NLHEJeff Madsen
0%
2006NLHE 6 MaxJeff Madsen
0%
2010NLHE 6 MaxJeffrey Papola
0%
2010NLHEJeffrey Tebben
0%
2008H.O.R.S.E.Jens Vortmann
0%
20098 Game MixJerrod Ankenman
0%
2008NLHEJesper Hougaard
0%
2010NLHEJesse Rockowitz
0%
2003NLHEJim Meehan
0%
2006NLHEJim Mitchell
0%
2008Limit HEJimmy Shultz
0%
20047 StudJoe Awada
0%
2012Omaha H/L 8Joe Cassidy
0%
2008NLHE 6 MaxJoe Commisso
0%
2011NLHE 6 MaxJoe Ebanks
0%
2012NLHEJoey Weissman
0%
2003Limit HEJohn Arrage
0%
2010PLOJohn Barch
0%
2007Omaha H/L 8John Guth
0%
2009Pot Limit HEJohn Kabbaj
0%
2008NLHEJohn Phan
0%
2008Limit 2-7 Triple Draw LowballJohn Phan
0%
2005NLHEJohn Pires
0%
2008NLHE Casino EmployeesJonathan Kotula
0%
2006NLHEJon Friedberg
0%
2009Triple Chance NLHEJorg Peisert
0%
2005PLOJosh Arieh
0%
2010NLHE ShootoutJoshua Tieman
0%
2009Pot Limit HEJ.P. Kelly
0%
2011Limit HE ShootoutJustin Pechie
0%
2004Limit HE ShootoutKathy Liebert
0%
2003Pot Limit HEKeith Lehr
0%
2009NLHE 6 MaxKen Aldridge
0%
2011NLHEKenneth Griffin
0%
2012Limit HEKenny Hsiung
0%
2009NLHEKeven Stammen
0%
2006NLHEKevin Cover
0%
2006NLHEKevin Nathan
0%
2006Limit HEKianoush Abolfathi
0%
2011NLHEKirk Caldwell
0%
2010H.O.R.S.E.Konstantin Puchkov
0%
2012NL 2-7 Draw LowballLarry Wright
0%
2005NLHELawrence Gosney
0%
20112-7 Triple Draw LowballLeonard Martin
0%
2009Heads Up NLHELeo Wolpert
0%
2009Ladies NLHELisa Hamilton
0%
2008NLHELuis Velador
0%
2010Pot Limit Omaha/HELuis Velador
0%
2007PLO H/L 8Lukasz Dumanski
0%
2010NLHEMarcel Vonk
0%
2009Limit HEMarc Naalden
0%
2011NLHE ShootoutMark Radoja
0%
2011NLHEMark Schmid
0%
2005Limit HE ShootoutMark Seif
0%
2005NLHEMark Seif
0%
2011Ladies NLHEMarsha Wolak
0%
2008PLO H/L 8Martin Klaser
0%
2006NLHEMats Rahmn
0%
2009NLHE 6 MaxMatt Hawrilenko
0%
2011NLHE 6 MaxMatt Jarvis
0%
2008NLHEMatt Keikoan
0%
2010Limit HEMatt Keikoan
0%
20112-7 Draw LowballMatt Perrins
0%
2008NLHE RebuyMax Greenwood
0%
2011NLHEMaxim Lykov
0%
2008PLO/HEMax Pescatori
0%
2006Limit HEMax Pescatori
0%
2012NLHEMax Steinberg
0%
2008NLHE RebuyMichael Banducci
0%
2010Omaha H/l 8Michael Chow
0%
2007NLHE RebuyMichael Chu
0%
2012NLHEMichael Gathy
0%
20077 StudMichael Keiner
0%
2010NLHEMichael Linn
0%
20087 StudMichael Rocco
0%
2003Limit 7 StudMichael Saltzburg
0%
2003Pot Limit HEMickey Appleman
0%
2010PLOMiguel Proulx
0%
2009NLHEMike Eise
0%
2010NLHEMike Ellis
0%
2005NLHEMike Gracz
0%
2004NLHEMike Sica
0%
2007Pot Limit HEMike Spegal
0%
2011NLHEMikhail Lakhitov
0%
2011Pot Limit HE/OmahaMitch Schock
0%
2003Limit HEMohammed Ibrahim
0%
2012PLO 6 MaxNaoya Kihara
0%
2012NLHENeil Willerson
0%
2008Pot Limit HENenad Medic
0%
2011PLO H/L 8Nick Binger
0%
2012Pot Limit HENick Jivkov
0%
20092-7 Draw LowballNick Schulman
0%
2004A-5 Draw LowballNorman Ketchum
0%
2011NLHE 6 MaxOleksii Kovalchuk
0%
2012Omaha/7 Stud H/L 8Oleksii Kovalchuk
0%
2003NL 2-7 Draw LowballO'Neil Longson
0%
2005RazzO'Neil Longson
0%
2011Omaha/7 Stud H/L 8Owais Ahmed
0%
2010NLHEPascal LeFrancois
0%
2005Omaha H/LPat Poels
0%
20067 Stud H/L 8Pat Poels
0%
2006NLHEPaul Kobel
0%
2005Seniors NLHEPaul McKinney
0%
20102-7 Triple Draw LowballPeter Gelencser
0%
2009NLHE ShootoutPeter Traply
0%
2009NLHEPeter Vilandos
0%
2012NLHEPete Vilandos
0%
2008PLO RebuyPhil Galfond
0%
2006NLHEPraz Bansi
0%
2010NLHEPraz Bansi
0%
2006Pot Limit HERafe Furst
0%
2007Limit 2-7 Triple Draw Lowball RebuyRafi Amit
0%
2005PLORafi Amit
0%
2009PLO/HERami Boukai
0%
2007Limit HE ShootoutRam Vaswani
0%
2012Limit 2-7 Triple Draw LowballRandy Ohel
0%
2009NLHERay Foley
0%
20117 Card RazzRep Porter
0%
2008NLHE 6 MaxRep Porter
0%
20107 StudRichard Ashby
0%
2009PLORichard Austin
0%
2007NLHERobert Cheung
0%
2008Limit HERob Hollink
0%
2012NLHERocco Palumbo
0%
2005NLHERon Kirk
0%
2012Limit HE 6 MaxRonnie Bardah
0%
20077 Stud H/L 8Ryan Hughes
0%
20087 Stud H/L 8Ryan Hughes
0%
2010Triple Chance NLHERyan Welch
0%
2007NLHERyan Young
0%
2007Limit HESaif Ahmad
0%
2007Ladies NLHESally Boyer
0%
2006Omaha H/L 8Sam Farha
0%
2010Omaha H/L 8Sam Farha
0%
2011PLOSam Stein
0%
2007Limit HESaro Getzoyan
0%
2010NLHEScott Montgomery
0%
2011NLHE Casino EmployeesSean Drake
0%
2011NLHESean Getzwiller
0%
20087 Stud H/L 8Sebastian Ruthenberg
0%
2007NLHEShankar Pillai
0%
2010NLHEShawn Busse
0%
2005Limit HESiagzar Payvar
0%
20108 Game MixSigurd Eskeland
0%
2012NLHE 6 MaxSimon Charette
0%
2010NLHESimon Watt
0%
2007Mixed HESteve Billirakis
0%
20057 Stud H/LSteve Hohn
0%
2010PLO H/L 8Steve Jelinek
0%
2010NLHESteven Gee
0%
2010NLHE ShootoutSteven Kelly
0%
2012PLO H/L 8Steven Loube
0%
2009NLHESteve Sung
0%
2008Ladies NLHESvetlana Gromenkova
0%
2004PLOTed Lawson
0%
2008Omaha H/L 8Thang Luu
0%
2009Omaha H/L 8Thang Luu
0%
2003Limit HEThomas Jacobs
0%
2005Limit HETodd Witteles
0%
2009Limit HETomas Alenius
0%
2012NLHETomas Junek
0%
2010NLHETomer Berda
0%
20077 Stud H/L 8Tom Schneider
0%
2007Omaha/7 Stud H/L 8Tom Schneider
0%
2005Pot Limit HETom Werthmann
0%
2009NLHETony Veckey
0%
2003Limit 7 StudToto Leonidas
0%
2011NLHETyler Bonkowski
0%
2010Pot Limit HEValdemar Kwaysser
0%
2010Ladies NLHEVanessa Hellebuyck
0%
2012PLO H/L 8Viacheslav Zhukov
0%
2011Omaha H/L 8Viacheslav Zhukov
0%
2006Limit HE ShootoutVictoriano Perches
0%
20098 Game MixVille Wahlbeck
0%
2012PLOVincent van der Fluit
0%
200940th Anniversary NLHE $40k Buy InVitaly Lunkin
0%
2008NLHEVitaly Lunkin
0%
2007NLHEWill Durkee
0%
2010NLHE 6 MaxWilliam Haydon
0%
2005NLHEWillie Tann
0%
2012NLHEWill Jaffe
0%
2012Ladies NLHEYen Dang
0%
2009H.O.R.S.E.Zac Fellows
0%
2006Omaha H/LZack Zwerner
0%

Score Distribution

Percentile by Number Answered

Percent of People with Each Score

Your Score History

You have not taken this quiz